MARC

LEADER 00000nam0a2200000 4500
001 142612
005 20231031142807.0
010 |a 5268006096 
035 |a (RuTPU)RU\TPU\book\154542 
090 |a 142612 
100 |a 20080909d1988 m y0rusy50 ca 
101 1 |a rus  |c rus 
102 |a RU 
105 |a a z 000ay 
200 1 |a Ханидо и Халерха  |e роман  |f С. Н. Курилов  |g пер. с юкагирского Р. Палехов ; худож. В. М. Аладьев 
210 |a Москва  |c Советская Россия  |d 1988 
215 |a 624 с.  |c ил. 
225 1 |a Библиотека советского романа 
610 1 |a советская литература 
610 1 |a романы 
610 1 |a Север 
610 1 |a Крайний Север 
610 1 |a юкагиры 
675 |a 894.7  |v 3 
700 1 |a Курилов  |b С. Н.  |g Семен Николаевич 
702 1 |a Палехов  |b Р.  |4 730 
702 1 |a Аладьев  |b В. М.  |4 440 
801 1 |a RU  |b 63413507  |c 20080909  |g PSBO 
942 |c BK